| 000 | 01114cab a22001935a 4500 | ||
|---|---|---|---|
| 001 | L142640 | ||
| 008 | 080226s2007 xxk f v 000 0 eng d | ||
| 035 | _a(Sirsi) u142640 | ||
| 041 | 0 | _aeng | |
| 245 | 0 | 4 |
_aThe model law _bchanges to the model law |
| 260 | _c2007 | ||
| 490 | 0 |
_aArbitration Law Monthly _v8(1) December 2007/January 2008, 6-12(7) |
|
| 520 | _aOutlines and explains the changes to UNCITRAL (United Nations Model Law on International Commercial Arbitration). In July 2006 a number of amendments were made to reflect changes in commercial practices and to strengthen the original 1985 Law. Covers: interpretation; definition of arbitration agreement; interim measures ordered by the arbitrators; preliminary orders; principles common to both interim measures and preliminary orders; interim measures available from the courts; enforcement. | ||
| 590 | _aKA | ||
| 650 | 2 | 4 | _aUNCITRAL MODEL LAW ON INTERNATIONAL COMMERCIAL ARBITRATION 1985 |
| 651 | 4 | _aInternational | |
| 690 | _aMANAGEMENT-DISPUTE AVOIDANCE, MANAGEMENT AND RESOLUTION-DISPUTE MANAGEMENT AND RESOLUTION-ARBITRATION | ||
| 942 | _n0 | ||
| 999 |
_c79885 _d79885 |
||